000 00240 a2200109 4500
001 67163
040 _cAnchieta - Pituba
240 1 0 _aKrieg und frieden
_leng
245 1 0 _aKrieg und frieden
650 4 _aInglês e inglês antigo
942 _cMX
999 _c67163
_d67163